000 00539nam a22001577a 4500
005 20240319150755.0
008 240319b ||||| |||| 00| 0 eng d
040 _cAL
041 _aeng
082 _223
_bIMPA
_a621.322
245 _aImpact of Capital Intensive Small Scale Manufacturing Units in Rural Development:
_bA Case Study of Lighting Industry with Special Reference to Seeco Bulbs
260 _aMangalore
_bSt Aloysius College
_c1993
650 _aProject Report
_9155436
700 _aGAPHAR (Abdul)
_9155437
942 _2ddc
_cPRO
999 _c230524
_d230524